Imposing Neighbors Quiz Stats

Quiz Updated Mar 6, 2012

Also try: Dwarfed Countries
Challenge
Share
Tweet
Embed
Score 0/30 Timer 12:00
0 Plays Today
Rank Countries % Correct
1Italy / Vatican City
83.5%
5Spain / Andorra
70%
7Russia / Estonia
69.4%
2France / Monaco
69.2%
8Russia / Latvia
69.1%
4France / Andorra
68.2%
3Italy / San Marino
65.6%
9Russia / Lithuania
64%
29China / Nepal
61.6%
13Russia / Georgia
60.8%
26China / North Korea
55.2%
12France / Luxembourg
55%
18Germany / Luxembourg
53.4%
11China / Bhutan
51.5%
27South Africa / Swaziland
47.9%
Rank Countries % Correct
17Russia / North Korea
47.4%
23Mexico / Belize
47.4%
14Russia / Azerbaijan
46.7%
25Russia / Belarus
42.6%
22India / Bhutan
42.3%
15Saudi Arabia / Qatar
42%
10Switzerland / Liechtenstein
41.5%
6Austria / Liechtenstein
41.1%
20Saudi Arabia / Kuwait
35.6%
21Dem. Rep. of Congo / Rwanda
29.3%
19Indonesia / Timor Leste
28.7%
24Dem. Rep. of Congo / Burundi
27.1%
30Malaysia / Brunei
27%
16Egypt / Palestine
24.3%
28China / Tajikistan
16.3%

You're not logged in!

Compare scores with friends on all Sporcle quizzes.
Join for Free
OR
Log In

You Might Also Like...

Show Comments

Extras

Top Quizzes Today


Score Distribution

Your Account Isn't Verified!

In order to create a playlist on Sporcle, you need to verify the email address you used during registration. Go to your Sporcle Settings to finish the process.

Report this User

Report this user for behavior that violates our Community Guidelines.

Details: